| 000 | 00747cam a2200253 a 4500 | ||
|---|---|---|---|
| 001 | 950 | ||
| 003 | BD-RjUL | ||
| 005 | 20211208233244.0 | ||
| 008 | 131124s1962 enk b 001 0 eng u | ||
| 035 |
_aOCLC ocm00574361 from D950530M _a(BD-RjUL)972 |
||
| 040 |
_aWSU _dOCL _dUKM _dEQO _beng _cBD-RjUL |
||
| 041 | _aeng | ||
| 082 | 0 | 0 |
_a029.5 _218 _bCOI 1962 |
| 090 |
_aZ695.9 _b.C64 1962a |
||
| 100 | 1 |
_aCollison, Robert. _91664 |
|
| 245 | 1 | 0 |
_aIndexing books : _ba manual of basic principles / _cby robert Collision. |
| 260 |
_aLondon : _bE. Benn, _c1962. |
||
| 300 |
_a96 p. ; _c20 cm. |
||
| 504 | _aIncludes bibliographical references (p.83-84). | ||
| 504 | _aIncludes index. | ||
| 650 | 0 |
_aIndexing. _92816 |
|
| 942 |
_2ddc _cBK |
||
| 999 |
_c950 _d950 |
||